00577nam a22001817a 4500003000900000005001700009008004100026020001800067040002500085082001600110100004100126245006100167250001200228260003500240300002100275500007100296504002800367DO-SdBNP20220412093217.0130409s2012 dr 000 0 spa d a9789945507010 aDO-SdBNPbspacBNPHU axxxxbV732t1 aVillegas Quintero, Efraind1928-200510aTerapias para la conciencia /cEfrain Villegas Contrera. a3a. ed. aSanto Domingo :bGamma,c2012. a165 p. ;c21 cm. aIncluye datos biográficos del autor en la solapa de la portada.  aBiografías p: 159-161